|
|
|
|
| LEADER |
00000nab a2200000 a 4500 |
| 001 |
vtls000573943 |
| 003 |
SK-MaSNL |
| 005 |
20260303193851.0 |
| 008 |
160204c1992 xo 0 slo |
| 015 |
|
|
|a SNBRA19rr/mm-uuuuu
|
| 035 |
|
|
|a CL0574081
|
| 040 |
|
|
|a SNKBUCL
|b slo
|c SNKBUCL
|e AACR2
|
| 041 |
0 |
|
|a slo
|
| 044 |
|
|
|a xo
|c SK
|
| 080 |
|
|
|a 631.417.2:547.992:631.8
|2 1981
|
| 080 |
|
|
|a 547.992
|2 1981
|
| 080 |
|
|
|a 631.8
|2 1981
|
| 100 |
1 |
|
|a Barančíková, Gabriela,
|d 1960-
|4 aut
|9 55176
|
| 245 |
1 |
0 |
|a Vplyv minerálneho a organického hnojenia na chemickú štruktúru humínových kyselín
|c Gabriela Barančíková
|
| 300 |
|
|
|b Grafy 4, tab. 4, res. angl., slov., lit. 8 zázn. v angl., ruš., slov.
|
| 650 |
0 |
7 |
|a kyseliny humínové
|2 snkbucl
|9 1010299
|
| 650 |
0 |
7 |
|a minerálne hnojivá
|2 snkbucl
|9 16508
|
| 650 |
0 |
7 |
|a hnojivá organické
|2 snkbucl
|9 899335
|
| 655 |
|
7 |
|a články zo zborníkov
|2 snkbucl
|9 166140
|
| 773 |
0 |
|
|t Vedecké práce Výskumného ústavu pôdnej úrodnosti Bratislava 17
|d Bratislava : Výskumný ústav pôdnej úrodnosti, 1992
|g S. 7-18
|
| 850 |
|
|
|a Slovenská národná knižnica v Martine
|a MTA001
|
| 852 |
|
|
|a SNK
|b KIS3GCP
|
| 958 |
|
|
|a NB
|
| 958 |
|
|
|a RK
|
| 992 |
|
|
|a RZB
|
| 999 |
|
|
|c 2154447
|d 2156377
|